<?xml version="1.0" encoding="UTF-8"?>
<record
    xmlns:xsi="http://www.w3.org/2001/XMLSchema-instance"
    xsi:schemaLocation="http://www.loc.gov/MARC21/slim http://www.loc.gov/standards/marcxml/schema/MARC21slim.xsd"
    xmlns="http://www.loc.gov/MARC21/slim">

  <leader>00829nam a2200253 a 4500</leader>
  <controlfield tag="001">BRL_1224</controlfield>
  <controlfield tag="005">20190320211107.0</controlfield>
  <controlfield tag="008">021213s1996----fr-o######---#000-0#fre-#</controlfield>
  <datafield tag="041" ind1=" " ind2=" ">
    <subfield code="a">fre</subfield>
  </datafield>
  <datafield tag="044" ind1=" " ind2=" ">
    <subfield code="a">fr</subfield>
  </datafield>
  <datafield tag="050" ind1=" " ind2="4">
    <subfield code="a">ND546</subfield>
    <subfield code="b">.J66 1996</subfield>
  </datafield>
  <datafield tag="245" ind1="1" ind2="0">
    <subfield code="a">De Jonckheere</subfield>
    <subfield code="b">Portrait et marines</subfield>
    <subfield code="c">Textes: Fran&#xE7;oise Lasisz.</subfield>
  </datafield>
  <datafield tag="260" ind1=" " ind2=" ">
    <subfield code="a">Paris</subfield>
    <subfield code="b">De Jonckheere</subfield>
    <subfield code="c">1996</subfield>
  </datafield>
  <datafield tag="300" ind1=" " ind2=" ">
    <subfield code="a">sin paginaci&#xF3;n</subfield>
    <subfield code="b">il., 31 l&#xE1;minas</subfield>
    <subfield code="c">27 cm.</subfield>
  </datafield>
  <datafield tag="500" ind1=" " ind2=" ">
    <subfield code="a">Au1419</subfield>
  </datafield>
  <datafield tag="610" ind1="2" ind2="4">
    <subfield code="a">Galeria De Jonckheere (Paris)</subfield>
    <subfield code="v">Cat&#xE1;logos</subfield>
    <subfield code="9">26168</subfield>
  </datafield>
  <datafield tag="650" ind1="1" ind2="4">
    <subfield code="a">Pintura francesa</subfield>
    <subfield code="v">Cat&#xE1;logos</subfield>
    <subfield code="9">26169</subfield>
  </datafield>
  <datafield tag="650" ind1="1" ind2="4">
    <subfield code="a">Pintura de retratos</subfield>
    <subfield code="v">Cat&#xE1;logos</subfield>
    <subfield code="z">Paris (Francia)</subfield>
    <subfield code="9">26170</subfield>
  </datafield>
  <datafield tag="650" ind1="1" ind2="4">
    <subfield code="a">Pintura</subfield>
    <subfield code="v">Cat&#xE1;logos</subfield>
    <subfield code="x">Marinos</subfield>
    <subfield code="z">Paris (Francia)</subfield>
    <subfield code="9">26171</subfield>
  </datafield>
  <datafield tag="700" ind1="1" ind2=" ">
    <subfield code="a">Lasisz, Fran&#xE7;oise</subfield>
    <subfield code="9">26172</subfield>
  </datafield>
  <datafield tag="710" ind1="2" ind2=" ">
    <subfield code="a">Galeria De Jonckheere (Paris)</subfield>
    <subfield code="9">26173</subfield>
  </datafield>
  <datafield tag="902" ind1=" " ind2=" ">
    <subfield code="a">GRL</subfield>
  </datafield>
  <datafield tag="942" ind1=" " ind2=" ">
    <subfield code="2">lcc</subfield>
    <subfield code="c">B</subfield>
  </datafield>
  <datafield tag="999" ind1=" " ind2=" ">
    <subfield code="c">10036</subfield>
    <subfield code="d">10036</subfield>
  </datafield>
  <datafield tag="952" ind1=" " ind2=" ">
    <subfield code="0">0</subfield>
    <subfield code="1">0</subfield>
    <subfield code="4">0</subfield>
    <subfield code="7">0</subfield>
    <subfield code="a">BRL</subfield>
    <subfield code="b">BRL</subfield>
    <subfield code="d">2013-12-02</subfield>
    <subfield code="i">Au1419</subfield>
    <subfield code="l">0</subfield>
    <subfield code="o">ND546 .J66 1996 (Au1419)</subfield>
    <subfield code="p">GRL01342</subfield>
    <subfield code="r">2019-03-22 00:00:00</subfield>
    <subfield code="w">2019-03-22</subfield>
    <subfield code="y">B</subfield>
  </datafield>
</record>
